000 00778nam a22002777a 4500
001 BR9509859
003 BR-BrBNA
005 20230928094805.0
007 ta
008 230509b bl.||||| |||| 00| 0 por d
040 _aBR-BrBNA
_bpor
_cBiblioteca Nacional de Agricultura
041 _a(Por)
072 _aC20
090 _ C20 BR9509859
110 1 _aAssociacao de Assistencia Tecnica e Extensao Rural do Territorio Federal de Rondonia, Porto Velho (Brasil)
_9407
245 1 _aSistema de planejamento
260 3 _aPorto Velho, RO (Brasil):
_c1989.
300 _a23 p.
500 _a6 ref.
650 _aExtensao Rural
650 _aAssistencia Tecnica
650 _aPlanejamento
650 _aRondonia
909 _a202309
_bLucia
_c55
_dLucia Elande
942 _cBK
999 _c52662
_d52662